10 najbogatszych państw pod względem PKB i PKB na mieszkańca - Statystyki

Ogólne statystyki
  • Ten quiz został rozwiązany 48 razy
  • Średni wynik to 15 z 20
Statystyki odpowiedzi
PKB Państwo % Poprawnych
22 997 500 Stany Zjednoczone
98%
69 231 Stany Zjednoczone
98%
4 225 924 Niemcy
96%
17 458 036 Chiny
91%
2 935 488 Francja
91%
136 701 Luksemburg
87%
4 937 422 Japonia
82%
1 990 762 Kanada
82%
3 187 626 Wielka Brytania
82%
89 090 Norwegia
78%
93 720 Szwajcaria
73%
2 101 276 Włochy
73%
3 041 985 Indie
67%
68 581 Katar
67%
99 013 Irlandia
62%
1 798 544 Korea Południowa
62%
63 529 Australia
60%
67 758 Dania
60%
69 033 Islandia
58%
72 759 Singapur
53%
Nie znaleziono quizów pasujących do podanych kryteriów
Rozkład punktacji
Procent ludzi z każdym wynikiem
Percentyl według liczby udzielonych odpowiedzi
Twoja historia wyników
Nie rozwiązałeś tego quizu